000 00681cam a22002293a 4500
001 23798
003 PGUSA
005 20140828083516.0
008 071210s2007||||xxu|||||s|||||000 | eng d
040 _aPGUSA
_beng
042 _adc
050 4 _aF396
100 1 _aAbbott, John S. C.
_q(John Stevens Cabot),
_d1805-1877
245 1 0 _aDaniel Boone :
_bThe Pioneer of Kentucky
_h[electronic resource] /
_cJohn S. C. Abbott
260 _bProject Gutenberg,
_c2007
506 _aPublic domain in the USA.
516 _aElectronic text
653 _aBoone, Daniel, 1734-1820
830 0 _aProject Gutenberg
_v23798
856 4 0 _uhttp://www.gutenberg.org/ebooks/23798
942 _cEB
999 _c253053
_d253053